Corporate personality

Výklad pojmu corporate personality. Prejavy corporate personality v praxi.

Gespeichert in:
Bibliographische Detailangaben
1. Verfasser: Jaššo, Matej
Format: Buchkapitel
Sprache:Slowakisch
Schlagworte:
Tags: Tag hinzufügen
Keine Tags, Fügen Sie das erste Tag hinzu!

MARC

LEADER 00000naa a2200000 4500
001 r037694
005 20231002130952.9
041 0 |a slo 
044 |a SK 
245 1 0 |a Corporate personality  |c Matej Jaššo 
520 |a Výklad pojmu corporate personality. Prejavy corporate personality v praxi. 
610 2 0 |a identita podniková 
610 2 0 |a firmy 
610 2 0 |a osobnosť 
610 2 0 |a pojmy 
610 2 0 |a imidž 
100 1 |a Jaššo, Matej